000 00607nam a2200181 a 4500
001 000037814
003 DO-SdBNP
005 20180214092623.0
007 000037814
008 130306s2008 dr a 000 0 spa d
040 _aBPMSU
_bspa
_cBPMSU
245 0 0 _aMovimiento social Duartiano - Boliviariano :
_bsolidario - comunitario - municipalista /
_cMovimiento social Duartiano - Boliviariano.
260 _aSanto Domingo :
_bSocial Duartiano-Bolivariano ,
_c2008.
300 _a66 p. :
_bil. ;
_c21 cm.
942 _2ddc
_cBK
945 _aInventariado / 2017 VM
956 _aVMATEO
_b10
_c20150807
_lBPMSU
_h00151
999 _c8140
_d8140